LEADER 00966nam a2200241 u 4500 001 000000008685 003 CaOOAMICUS 005 20070226105124.0 008 940516s1973 it u000 u ita u 035 $a10223464 040 $aPUL$bita 100 1 $aDionisotti-Casalone, Carlo.$0(OLS)http://pul/name/8649 245 10$aDon Giuseppe De Luca /$cCarlo Dionisotti. 260 $aRoma :$bEdizione di storia e letteratura,$c1973. 300 $a60 p. ;$c21 cm 504 $aComprende indicazioni bibliografiche. 600 14$aDe Luca, Giuseppe,$csac.,$d1898-1962.$0(OLS)http://pul/subject/7337 850 $aPUL 852 $aPUL$W1$xDP1 Fondo Maccarrone$y58$m1514 F 12$j12241$nBK-PRI$b $qFondi$B12241$CPULBib$Z2$F12241 $H $81 941 1 $a1 961 $aINV: 3456.F.Maccarrone 996 $6245$aDon Giuseppe De Luca$9(OLS)http://pul/title/12728 996 $6260$aRoma :$bEdizione di storia e letteratura$9(OLS)http://pul/publisher/52207 LEADER 01405nam a2200325 u 4500 001 000000062231 003 CaOOAMICUS 005 20070226121118.0 008 010924s2000 it u000 u ita u 020 $a8810205626 035 $a10904129 040 $aPUL$bita 041 0 $aita$alat 100 1 $aDenzinger, Heinrich Joseph Dominik,$d1819-1883.$0(OLS)http://pul/name/316 245 10$aEnchiridion symbolorum :$bdefinitionum et declarationum de rebus fidei et morum /$cHeinrich Denzinger ; edizione bilingue a cura di Peter Hünermann. 250 $a3. ed. 260 $aBologna :$bEDB,$c2000. 300 $alxviii, 1851, 378 p. ;$c20 cm 490 1 $aStrumenti 500 $aIndici con numerazione a parte. 610 24$aChiesa cattolica$xDottrine.$0(OLS)http://pul/subject/5056 700 1 $aHünermann, Peter.$0(OLS)http://pul/name/40354 830 0$aStrumenti (Edizioni Dehoniane).$0(OLS)http://pul/title/7348 850 $aPUL 852 $aPUL$W1$xSL Religione 2$y84$mTheol E2 1$j80953$nBK-PRI$b $qStampati altre collocazioni$B80953$CPULBib$Z2$F80953 $H $81 941 1 $a10 961 $aINV: 85859 996 $6020$a8810205626$9(OLS)http://pul/number/73153 996 $6245$aEnchiridion symbolorum :$bdefinitionum et declarationum de rebus fidei et morum$9(OLS)http://pul/title/376 996 $6260$aBologna :$bEDB$9(OLS)http://pul/publisher/56073